000 01182nam a22003737a 4500
003 CHAP
005 20220329143738.0
008 110525s1965 mx a r 00010 spa d
010 _a101305
011 _a102277
020 _a9681304713
035 _a112965
040 _cCHAP
082 0 4 _a985.019
_bV6
100 0 0 _aVon Hagen, Victor Wolfgang.
_9120669
245 1 3 _aEl imperio de los Incas
_c/por Victor Wolfgang Von Hagen
260 _aMéxico :
_bDiana,
_c1965
300 _a262 p. :
_bilus.
490 0 _aColección Moderna
534 _pTít. original :
_tRealm of the Incas.
590 _aBATCH-UPD
_b10
_c20130110
_lUCH01
_h1639
590 _aBATCH-UPD
_b10
_c20130410
_lUCH01
_h1030
590 _aBATCH-UPD
_b10
_c20130914
_lUCH01
_h0945
590 _aCONVERSION
_b10
_c20130109
_lUCH01
_h1356
650 1 4 _aArqueología
_97342
650 1 4 _aCivilizaciones prehispánicas.
_923556
650 1 4 _aIncas
_xCultura.
_957519
650 1 4 _aIndios de América del Sur.
_957587
650 1 4 _aIndios del Perú.
_957673
830 0 _aColección Moderna
_924931
901 _aBK
942 _cLIBRO
949 _a985.019 V6
_bBC
_cLIBRO
_d33724002259149
_eLIBRO
_h115054
_i112965
_sb
999 _c101305
_d101305